Alle Städte in NRW nach Buchstabe - K - Statistiken

Allgemein
  • Dieses Quiz wurde 135 mal gespielt
  • Das Durchschnittsergebnis liegt bei 13 aus 22
Antworten auf der Karte
Die Antworten werden auf der Karte rot bzw. grün angezeigt, abhängig davon wie oft sie richtig erraten wurden.
 
Antwortstatistiken
Name % Korrekt
Köln
97%
Krefeld
86%
Kerpen
83%
Kamen
79%
Kempen
77%
Kleve
75%
Kaarst
71%
Kamp-Lintfort
63%
Kevelaer
63%
Kalkar
62%
Korschenbroich
61%
Kall
59%
Kerken
56%
Kierspe
56%
Kürten
56%
Kalletal
55%
Königswinter
53%
Kranenburg
47%
Kreuztal
43%
Kirchhundem
41%
Kirchlengern
33%
Kreuzau
30%
Keine übereinstimmenden Quizze gefunden
Verteilung der Resultate
Anzahl Personen mit jedem Resultat
Perzentil nach korrekt beantworteten Fragen
Ihre Resultats-Entwicklung
Sie haben dieses Quiz noch nicht gespielt